Normal view
MARC view
Entry Personal Name
001 - CONTROL NUMBER
- control field: 4355
003 - CONTROL NUMBER IDENTIFIER
- control field: BD-RjUL
005 - DATE AND TIME OF LATEST TRANSACTION
- control field: 20220808165146.0
008 - FIXED-LENGTH DATA ELEMENTS
- fixed length control field: 220808|| aca||aabn | a|a d
040 ## - CATALOGING SOURCE
- Original cataloging agency: BD-RjUL
- Transcribing agency: BD-RjUL
100 ## - HEADING--PERSONAL NAME
- Personal name: Miah, M. A. Bari, Cosupervisor
670 ## - SOURCE DATA FOUND
- Source citation: Work cat.: (BD-RjUL)80193: ALAM, MD. JAHANGGIR 4352, Induction and field Evaluation of Somaclonal Variation to late Blight Resistance in Potato : , 2017